000 01066nam a2200301Ia 4500
001 Z_3605
003 CHAP
008 220113s2001 xx 000 0 und d
010 _a166688
040 _cCHAP
090 _aTesis G 1512
100 _aGonzález Alvarado, René
_948667
245 _aEvaluación del comportamiento productivo en monocultivo entre Tilapía nilotica (Oreochromis niloticus L.) y Tilapía blanca (Oreochromis rocky mountain var. white) en estanques estacionarios /
_cpor René González Alvarado y Valentín Plasencia Vega
260 _aChapingo, Méx. :
_bEl autor,
_c2001
300 _a61 h. ; ilus. : gráfs.
502 _aTesis (Ing. Agr. Esp. en Zootecnia) -- UACH. Departamento de Zootecnia
650 _aEstanques piscícolas
_938273
650 _aPeces
_xInvestigación
_986454
650 _aPiscicultura
_988531
650 7 _aTilapia (nombre común)
_2
_9113299
700 _aPlasencia Vega, Valentín
_989107
901 _aTESIS G 1512
902 _aM
910 _a2001
942 _c2
942 _c2
999 _c166688
_d166688